<?xml version="1.0" encoding="UTF-8"?>
<record
    xmlns:xsi="http://www.w3.org/2001/XMLSchema-instance"
    xsi:schemaLocation="http://www.loc.gov/MARC21/slim http://www.loc.gov/standards/marcxml/schema/MARC21slim.xsd"
    xmlns="http://www.loc.gov/MARC21/slim">

  <leader>00819cam a2200229 a 4500</leader>
  <controlfield tag="001">14959561</controlfield>
  <controlfield tag="003">OSt</controlfield>
  <controlfield tag="005">20251111103610.0</controlfield>
  <controlfield tag="008">070809s2007    enka     b    001 0 eng  </controlfield>
  <datafield tag="020" ind1=" " ind2=" ">
    <subfield code="a">9780521877169</subfield>
    <subfield code="q">hardback</subfield>
  </datafield>
  <datafield tag="020" ind1=" " ind2=" ">
    <subfield code="a">9780521120746</subfield>
    <subfield code="q">hardback</subfield>
  </datafield>
  <datafield tag="040" ind1=" " ind2=" ">
    <subfield code="a">MMARA-U</subfield>
    <subfield code="c">MMARA-U</subfield>
    <subfield code="d">MMARA-U</subfield>
    <subfield code="b">eng</subfield>
  </datafield>
  <datafield tag="050" ind1="0" ind2="0">
    <subfield code="a">PN1643</subfield>
    <subfield code="b">.K48 2007</subfield>
  </datafield>
  <datafield tag="100" ind1="1" ind2=" ">
    <subfield code="a">Kershaw, Baz.</subfield>
    <subfield code="9">2695</subfield>
  </datafield>
  <datafield tag="245" ind1="1" ind2="0">
    <subfield code="a">Theatre ecology :</subfield>
    <subfield code="b">environments and performance events /</subfield>
    <subfield code="c">Baz Kershaw.</subfield>
  </datafield>
  <datafield tag="260" ind1=" " ind2=" ">
    <subfield code="a">Cambridge ;</subfield>
    <subfield code="a">New York :</subfield>
    <subfield code="b">Cambridge University Press,</subfield>
    <subfield code="c">2007.</subfield>
  </datafield>
  <datafield tag="300" ind1=" " ind2=" ">
    <subfield code="a">xvi, 353 pages :</subfield>
    <subfield code="b">illustrations ;</subfield>
    <subfield code="c">24 cm.</subfield>
  </datafield>
  <datafield tag="500" ind1=" " ind2=" ">
    <subfield code="a">Includes bibliographical references (p. 327-345) and index.</subfield>
  </datafield>
  <datafield tag="650" ind1=" " ind2="0">
    <subfield code="a">Performing arts</subfield>
    <subfield code="x">Political aspects.</subfield>
    <subfield code="9">2696</subfield>
  </datafield>
  <datafield tag="650" ind1=" " ind2="0">
    <subfield code="a">Performing arts</subfield>
    <subfield code="x">Environmental aspects.</subfield>
    <subfield code="9">2697</subfield>
  </datafield>
  <datafield tag="942" ind1=" " ind2=" ">
    <subfield code="2">lcc</subfield>
    <subfield code="c">LOAN LOAN</subfield>
  </datafield>
  <datafield tag="999" ind1=" " ind2=" ">
    <subfield code="c">33409</subfield>
    <subfield code="d">33406</subfield>
  </datafield>
  <datafield tag="952" ind1=" " ind2=" ">
    <subfield code="0">0</subfield>
    <subfield code="1">0</subfield>
    <subfield code="2">lcc</subfield>
    <subfield code="4">0</subfield>
    <subfield code="7">0</subfield>
    <subfield code="a">MMU001</subfield>
    <subfield code="b">MMU001</subfield>
    <subfield code="c">LLT</subfield>
    <subfield code="d">2025-11-19</subfield>
    <subfield code="e">Purchased</subfield>
    <subfield code="g">8746.00</subfield>
    <subfield code="l">0</subfield>
    <subfield code="o">PN1643 .K48 2007</subfield>
    <subfield code="p">25040663</subfield>
    <subfield code="r">2025-11-11 10:37:00</subfield>
    <subfield code="w">2025-11-11</subfield>
    <subfield code="y">LOAN LOAN</subfield>
  </datafield>
</record>
